Определение пространственной структуры мощного электронного пучка по оптическому излучению приёмника; Приборы и техника эксперимента; № 2

Dades bibliogràfiques
Parent link:Приборы и техника эксперимента/ Российская академия наук.— , 1956-.— 0032-8162
№ 2.— 2004.— с. 66-73
Altres autors: Астрелин В. Т., Бурдаков А. В., Заболотский А. Ю., Койдан В. С., Меклер К. И., Полосаткин С. В., Поступаев В. В., Ровенских А. Ф., Синицкий С. Л., Чеботаев П. З.
Idioma:rus
Publicat: 2004
Col·lecció:Общая экспериментальная техника
Matèries:
Format: Capítol de llibre
KOHA link:https://koha.lib.tpu.ru/cgi-bin/koha/opac-detail.pl?biblionumber=427282

MARC

LEADER 00000naa2a2200000 4500
001 427282
005 20231101074630.0
035 |a (RuTPU)RU\TPU\prd\86407 
035 |a RU\TPU\prd\38458 
090 |a 427282 
100 |a 20100907a2004 k y0rusy50 ca 
101 0 |a rus 
102 |a RU 
200 1 |a Определение пространственной структуры мощного электронного пучка по оптическому излучению приёмника  |f В. Т. Астрелин, А. В. Бурдаков, А. Ю. Заболотский и др. 
225 1 |a Общая экспериментальная техника 
320 |a Библиогр.: 7 назв. 
461 0 |0 (RuTPU)RU\TPU\prd\300  |x 0032-8162  |t Приборы и техника эксперимента  |f Российская академия наук  |d 1956- 
463 0 |0 (RuTPU)RU\TPU\prd\86394  |t № 2  |v с. 66-73  |d 2004 
610 1 |a приемники 
610 1 |a оптическое излучение 
610 1 |a пространственная структура 
610 1 |a определение 
610 1 |a релятивистские электронные пучки 
610 1 |a детекторы 
610 1 |a регистрация 
610 1 |a яркость 
610 1 |a эрозия 
610 1 |a калориметрия 
675 |a 533.9.082.5  |v 3 
701 1 |a Астрелин  |b В. Т. 
701 1 |a Бурдаков  |b А. В. 
701 1 |a Заболотский  |b А. Ю. 
701 1 |a Койдан  |b В. С. 
701 1 |a Меклер  |b К. И. 
701 1 |a Полосаткин  |b С. В. 
701 1 |a Поступаев  |b В. В. 
701 1 |a Ровенских  |b А. Ф. 
701 1 |a Синицкий  |b С. Л. 
701 1 |a Чеботаев  |b П. З. 
801 1 |a RU  |b 63413507  |c 20050926  |g PSBO 
801 2 |a RU  |b 63413507  |c 20100907  |g RCR 
942 |c BK